LEADER 01261nam a22003131i 4500 001 991001904309707536 005 20040315110611.0 008 040407s1982 sz a||||||||||||||||mul 035 $ab12841006-39ule_inst 035 $aARCHE-082062$9ExL 040 $aDip.to Scienze Storiche$bita$cA.t.i. Arché s.c.r.l. Pandora Sicilia s.r.l. 041 0 $aenglatger 082 04$a471.7 245 00$aItaly I /$cpublished by Armando Petrucci, Jan-Olof Tjäder 260 $aDietikon [etc.] :$bURS Graf,$c1982 300 $a111 p. :$bill. ;$c30 cm 440 0$aChartae Latinae antiquiores ;$v20 650 4$aPaleografia latina 651 4$aItalia$xDocumenti$ySec. 8.$xRiproduzioni e facsimili 700 1 $aPetrucci, Armando$d<1932- >$eauthor$4http://id.loc.gov/vocabulary/relators/aut$0140669 700 1 $aTjäder, Jan-Olof$eauthor$4http://id.loc.gov/vocabulary/relators/aut$0396920 700 1 $aBruckner, Albert 700 1 $aMarichal, Robert 907 $a.b12841006$b02-04-14$c16-04-04 912 $a991001904309707536 945 $aLE009 STOR.14.1-1a/20$cV. 20$g1$i2009000388758$lle009$o-$pE0.00$q-$rl$s- $t0$u0$v0$w0$x0$y.i13394551$z16-04-04 996 $aItaly I$91448200 997 $aUNISALENTO 998 $ale009$b16-04-04$cm$da $e-$fmul$gsz $h0$i1 LEADER 00749nam a2200229 i 4500 001 991002196909707536 005 20020503162242.0 008 000505s1963 fr ||| | fre 035 $ab10330057-39ule_inst 035 $aEXGIL99875$9ExL 040 $aBiblioteca Interfacoltà$bita 082 0 $a842.91 100 1 $aAnouilh, Jean$0196483 245 10$aColombe /$cJean Anouilh 260 $aParis :$bLa table ronde,$c1963 300 $a246 p. ;$c21 cm 907 $a.b10330057$b02-04-14$c27-06-02 912 $a991002196909707536 945 $aLE002 Fr. V A 6$g1$i2002000957764$lle002$o-$pE0.00$q-$rl$s- $t0$u0$v0$w0$x0$y.i10388266$z27-06-02 996 $aColombe$9199985 997 $aUNISALENTO 998 $ale002$b01-01-00$cm$da $e-$ffre$gfr $h0$i1